[Event "Cto. FACV Ind. Primera Valencia 2014"]
[Site "Valencia ESP"]
[Date "2014.09.27"]
[Round "1.2"]
[White "Soghomonyan, Anush"]
[Black "Anguix Gomez, Exuperio"]
[Result "1/2-1/2"]
[WhiteElo "1650"]
[BlackElo "1859"]
[PlyCount "85"]
[EventDate "2014.09.27"]
[EventType "swiss"]
[EventRounds "7"]
[EventCountry "ESP"]
[Source "lmi"]
[SourceDate "2014.09.27"]

1. d4 d6 2. c4 e5 3. dxe5 dxe5 4. Qxd8+ Kxd8 5. Nf3 f6 6. Nc3 Be6 7. e3 Nd7 8.
a3 c6 9. Be2 Nc5 10. Nd2 Bf5 11. e4 Bg6 12. b4 Ne6 13. Nb3 Kc7 14. Be3 Nh6 15.
O-O Nf7 16. f3 Be7 17. Rfe1 Rhd8 18. Nd5+ Kd7 19. Nxe7 Kxe7 20. Nc5 b6 21. Nxe6
Kxe6 22. c5 b5 23. a4 a6 24. axb5 axb5 25. Bd1 h6 26. Bb3+ Ke7 27. Bxf7 Kxf7
28. Red1 Rxa1 29. Rxa1 Rd3 30. Kf2 Rb3 31. Bd2 Rb2 32. Ra7+ Kf8 33. Ra8+ Be8
34. Rd8 Ke7 35. Rd6 g5 36. g3 Rb1 37. h4 Rb2 38. hxg5 hxg5 39. f4 exf4 40. gxf4
gxf4 41. Kf3 Rb1 42. Kxf4 Rf1+ 43. Ke3 1/2-1/2

[Event "Cto. FACV Ind. Primera Valencia 2014"]
[Site "Valencia ESP"]
[Date "2014.09.27"]
[Round "1.3"]
[White "Marti Viguer, Jose Maria"]
[Black "Clemente Calvo, Jaume"]
[Result "1-0"]
[WhiteElo "1849"]
[BlackElo "1646"]
[PlyCount "83"]
[EventDate "2014.09.27"]
[EventType "swiss"]
[EventRounds "7"]
[EventCountry "ESP"]
[Source "lmi"]
[SourceDate "2014.09.27"]

1. e4 c5 2. Nf3 d6 3. c3 Nf6 4. Bc4 e6 5. Qe2 Be7 6. d3 O-O 7. O-O a6 8. a4 Nc6
9. Bg5 Rb8 10. Nbd2 b5 11. axb5 axb5 12. Bb3 Bd7 13. d4 h6 14. Bh4 cxd4 15.
cxd4 Qb6 16. e5 Ne8 17. d5 Bxh4 18. dxc6 Bxf2+ 19. Qxf2 Qxc6 20. Rfc1 Qb7 21.
Ra7 Qb6 22. Qxb6 Rxb6 23. Rxd7 dxe5 24. Rc8 Nf6 25. Rdd8 Rxd8 26. Rxd8+ Kh7 27.
Nxe5 Rb7 28. Rf8 b4 29. Rxf7 Rb5 30. Ndc4 Nd5 31. Rf8 Ne3 32. Kf2 Nxc4 33. Nxc4
Rg5 34. Ne3 Rh5 35. h3 g6 36. Bxe6 Re5 37. Bd5 h5 38. Rb8 Kh6 39. Rxb4 Re7 40.
h4 Ra7 41. Rb6 Kh7 42. Rb7+ 1-0

[Event "Cto. FACV Ind. Primera Valencia 2014"]
[Site "Valencia ESP"]
[Date "2014.09.27"]
[Round "1.4"]
[White "Vicente Leones, Jose"]
[Black "Martinez Clari, Joan"]
[Result "0-1"]
[WhiteElo "1642"]
[BlackElo "1832"]
[PlyCount "78"]
[EventDate "2014.09.27"]
[EventType "swiss"]
[EventRounds "7"]
[EventCountry "ESP"]
[Source "lmi"]
[SourceDate "2014.09.27"]

1. e4 c5 2. Nf3 e6 3. d4 cxd4 4. Nxd4 a6 5. Nc3 Bc5 6. Nb3 Ba7 7. Bd3 d6 8. O-O
Nf6 9. Qe2 e5 10. h3 O-O 11. Bg5 Be6 12. Nd5 Nbd7 13. c3 h6 14. Bh4 g5 15.
Nxf6+ Nxf6 16. Bg3 h5 17. Kh1 h4 18. Bh2 g4 19. hxg4 Nxg4 20. Bg1 Qg5 21. Nd2
Kg7 22. Nf3 Qh5 23. Qd2 Kf6 24. Be2 Rad8 25. c4 Rg8 26. Rad1 Ke7 27. a4 Nf6 28.
Nh2 Qg6 29. Bf3 Nh5 30. Rfe1 Nf4 31. g3 Bh3 32. g4 Qe6 33. Qb4 Rd7 34. a5 Bxg4
35. Qb3 Bh3 36. Nf1 Rxg1+ 37. Kxg1 Qg6+ 38. Kh2 Bxf2 39. Bh1 Bg1# 0-1

[Event "Cto. FACV Ind. Primera Valencia 2014"]
[Site "Valencia ESP"]
[Date "2014.09.27"]
[Round "1.5"]
[White "Herrero Carrion, Alejandro"]
[Black "Andres Miguel, Andres"]
[Result "1/2-1/2"]
[WhiteElo "1830"]
[BlackElo "1639"]
[PlyCount "50"]
[EventDate "2014.09.27"]
[EventType "swiss"]
[EventRounds "7"]
[EventCountry "ESP"]
[Source "lmi"]
[SourceDate "2014.09.27"]

1. e4 c6 2. d4 d5 3. exd5 cxd5 4. c4 Nc6 5. Be3 Nf6 6. Nc3 e5 7. dxe5 d4 8.
exf6 dxc3 9. Qxd8+ Nxd8 10. bxc3 gxf6 11. Bd4 Bg7 12. Bd3 Nc6 13. Ne2 Be6 14.
f4 Rc8 15. c5 Nxd4 16. cxd4 b6 17. Bb5+ Ke7 18. c6 Bd5 19. Rc1 Kd6 20. Kf2 Bxc6
21. Bxc6 Rxc6 22. Rxc6+ Kxc6 23. Rc1+ Kd7 24. Ng3 Rd8 25. Nf5 Bf8 1/2-1/2

[Event "Cto. FACV Ind. Primera Valencia 2014"]
[Site "Valencia ESP"]
[Date "2014.09.27"]
[Round "1.6"]
[White "Fernandez Lara, Vicente"]
[Black "Gonzalvez Tamarit, Ruben"]
[Result "0-1"]
[WhiteElo "1638"]
[BlackElo "1821"]
[PlyCount "54"]
[EventDate "2014.09.27"]
[EventType "swiss"]
[EventRounds "7"]
[EventCountry "ESP"]
[Source "lmi"]
[SourceDate "2014.09.27"]

1. e4 e5 2. Nf3 Nc6 3. Bc4 Bc5 4. d3 Nf6 5. Bg5 d6 6. h3 h6 7. Bd2 Be6 8. Bxe6
fxe6 9. b4 Nxb4 10. a3 Nc6 11. c3 O-O 12. O-O Nh5 13. Nxe5 Ng3 14. Nxc6 bxc6
15. d4 Nxf1 16. Qxf1 Bb6 17. Be3 e5 18. Qc4+ d5 19. Qxc6 exd4 20. cxd4 dxe4 21.
Qxe4 Qe8 22. Qd5+ Qf7 23. Qc6 Rad8 24. Qc3 c5 25. dxc5 Rd1+ 26. Kh2 Bc7+ 27. g3
Qxf2+ 0-1

[Event "Cto. FACV Ind. Primera Valencia 2014"]
[Site "Valencia ESP"]
[Date "2014.09.27"]
[Round "1.7"]
[White "Juarez Murcia, Valeriano"]
[Black "Chiloeches Ramon, Jesus"]
[Result "1-0"]
[WhiteElo "1815"]
[BlackElo "1632"]
[PlyCount "127"]
[EventDate "2014.09.27"]
[EventType "swiss"]
[EventRounds "7"]
[EventCountry "ESP"]
[Source "lmi"]
[SourceDate "2014.09.27"]

1. e4 Nc6 2. Nf3 e5 3. Bb5 Nf6 4. O-O d6 5. Re1 Bg4 6. c3 Be7 7. h3 Bh5 8. d3
O-O 9. Nbd2 Qc8 10. Nf1 a6 11. Ba4 b5 12. Bb3 Na5 13. Bc2 c5 14. Ng3 Bg6 15.
Nh4 Qd8 16. Ngf5 Bh5 17. Nxe7+ Qxe7 18. Nf5 Qe6 19. g4 Bg6 20. Qf3 Rad8 21. Bg5
Bxf5 22. gxf5 Qe7 23. Kh2 h6 24. Be3 Kh7 25. Rg1 c4 26. Bb6 Nb7 27. Bxd8 Qxd8
28. Rg3 Nc5 29. Rag1 Rg8 30. d4 Ncd7 31. Qe2 Qe7 32. a4 Nb6 33. axb5 axb5 34.
Ra1 Ra8 35. Rxa8 Nxa8 36. f3 Nc7 37. b3 Nh5 38. Rg4 Nf4 39. Qf1 h5 40. Rg3 Qh4
41. bxc4 bxc4 42. Ba4 exd4 43. cxd4 d5 44. Qg1 dxe4 45. Rxg7+ Kh6 46. Qg3 Qxg3+
47. Rxg3 Ne2 48. fxe4 Nxd4 49. Rc3 Na6 50. Rxc4 Nf3+ 51. Kg3 Ne5 52. Rc8 Kg5
53. Rg8+ Kh6 54. Kf4 Nd3+ 55. Ke3 Nac5 56. Be8 Nb4 57. Bxf7 Nc2+ 58. Kf4 Nd3+
59. Kg3 Ne5 60. Bd5 Kh7 61. f6 Nb4 62. f7 h4+ 63. Kf2 Nxd5 64. f8=Q 1-0

[Event "Cto. FACV Ind. Primera Valencia 2014"]
[Site "Valencia ESP"]
[Date "2014.09.27"]
[Round "1.8"]
[White "Villa Campos, Josep Antoni"]
[Black "Palomo Ruiperez, Bruno"]
[Result "0-1"]
[WhiteElo "1632"]
[BlackElo "1808"]
[PlyCount "44"]
[EventDate "2014.09.27"]
[EventType "swiss"]
[EventRounds "7"]
[EventCountry "ESP"]
[Source "lmi"]
[SourceDate "2014.09.27"]

1. e4 e5 2. f4 Bc5 3. Nf3 d6 4. h3 Nf6 5. Nc3 Nh5 6. d4 exd4 7. Na4 O-O 8. Bd3
Ng3 9. Rg1 Qe7 10. Nd2 Nxe4 11. Nxe4 f5 12. Qe2 fxe4 13. Bxe4 Re8 14. Nxc5 dxc5
15. Bd3 Qh4+ 16. g3 Rxe2+ 17. Bxe2 Qe7 18. Kf2 Be6 19. Re1 Qf6 20. g4 Qh4+ 21.
Kf1 Qxh3+ 22. Kf2 Qh2+ 0-1

[Event "Cto. FACV Ind. Primera Valencia 2014"]
[Site "Valencia ESP"]
[Date "2014.09.27"]
[Round "1.9"]
[White "Benitez Lopez, Julio"]
[Black "Del Rosario Hervas, Enrique Ma"]
[Result "1-0"]
[WhiteElo "1800"]
[BlackElo "1630"]
[PlyCount "77"]
[EventDate "2014.09.27"]
[EventType "swiss"]
[EventRounds "7"]
[EventCountry "ESP"]
[Source "lmi"]
[SourceDate "2014.09.27"]

1. d4 Nf6 2. c4 e5 3. dxe5 Ng4 4. Nh3 Bb4+ 5. Bd2 Qe7 6. e3 Nxe5 7. Nc3 O-O 8.
Be2 d6 9. Nf4 c6 10. a3 Ba5 11. O-O Bc7 12. Nh5 Bf5 13. e4 Bg6 14. Ng3 f6 15.
f4 Ned7 16. Bd3 Nc5 17. Bc2 a5 18. Qg4 a4 19. h4 Nb3 20. Bxb3 axb3 21. h5 Be8
22. Nf5 Qd7 23. Rf3 Kh8 24. Qh4 Qf7 25. Rg3 Bb6+ 26. Be3 Bxe3+ 27. Rxe3 Qxc4
28. Qg4 Qf7 29. Rd1 Bd7 30. Qe2 Bxf5 31. exf5 Qc7 32. Re7 Qb6+ 33. Kh1 Qc5 34.
Qg4 Rg8 35. Rde1 Na6 36. Rxb7 Rab8 37. Rd7 d5 38. Ree7 Rbe8 39. Rxe8 1-0

[Event "Cto. FACV Ind. Primera Valencia 2014"]
[Site "Valencia ESP"]
[Date "2014.09.27"]
[Round "1.10"]
[White "Martinez Jimenez, Francisco Ii"]
[Black "Martinez Hernandez, Paula"]
[Result "0-1"]
[WhiteElo "1629"]
[BlackElo "1800"]
[PlyCount "72"]
[EventDate "2014.09.27"]
[EventType "swiss"]
[EventRounds "7"]
[EventCountry "ESP"]
[Source "lmi"]
[SourceDate "2014.09.27"]

1. e4 c6 2. d4 d5 3. Nd2 dxe4 4. Nxe4 Bf5 5. Ng3 Bg6 6. h4 h6 7. h5 Bh7 8. Nf3
Nd7 9. Bd3 Bxd3 10. Qxd3 e6 11. Be3 Ngf6 12. O-O Bd6 13. Ne5 Nxe5 14. dxe5 Bxe5
15. Qxd8+ Rxd8 16. f4 Bc7 17. Rad1 O-O 18. c4 e5 19. fxe5 Bxe5 20. Rxd8 Rxd8
21. Nf5 Ng4 22. Ne7+ Kh7 23. Nf5 g6 24. hxg6+ fxg6 25. Bf4 Bxf4 26. Rxf4 Rd1+
27. Rf1 Rxf1+ 28. Kxf1 gxf5 29. Ke2 Kg6 30. b4 Ne5 31. c5 Kf6 32. Ke3 f4+ 33.
Ke4 Ke6 34. a4 a6 35. a5 f3 36. gxf3 Nxf3 0-1

[Event "Cto. FACV Ind. Primera Valencia 2014"]
[Site "Valencia ESP"]
[Date "2014.10.04"]
[Round "2.1"]
[White "Cortes Recaman, Manuel"]
[Black "Gonzalvez Tamarit, Ivan"]
[Result "0-1"]
[WhiteElo "1715"]
[BlackElo "1876"]
[PlyCount "98"]
[EventDate "2014.09.27"]
[EventType "swiss"]
[EventRounds "7"]
[EventCountry "ESP"]
[Source "lmi"]
[SourceDate "2014.09.27"]

1. e4 c5 2. Nf3 d6 3. d4 cxd4 4. Nxd4 Nf6 5. Nc3 a6 6. Bc4 e6 7. O-O Be7 8. Be3
Nc6 9. a3 Nxd4 10. Bxd4 b5 11. Bd3 O-O 12. e5 dxe5 13. Bxe5 Bb7 14. Qe2 Qb6 15.
Ne4 Qc6 16. f3 Nxe4 17. Qxe4 Qb6+ 18. Bd4 Bxe4 19. Bxb6 Bxd3 20. cxd3 Bf6 21.
d4 Rab8 22. Bc5 Rfd8 23. Rad1 Rd5 24. b4 Rbd8 25. Bb6 R8d7 26. Kf2 Kf8 27. Rfe1
Bxd4+ 28. Bxd4 Rxd4 29. Rxd4 Rxd4 30. Ke3 Rc4 31. Kd3 Ke7 32. Re4 Rc1 33. Kd2
Ra1 34. Kc3 Rxa3+ 35. Kb2 Rd3 36. Kc2 Rd5 37. g4 Kd6 38. Kc3 Kc6 39. f4 Kb6 40.
h4 a5 41. g5 a4 42. h5 g6 43. hxg6 hxg6 44. Re3 Kc6 45. Rh3 Rf5 46. Rh4 Kd5 47.
Kd3 a3 48. Rg4 a2 49. Rg1 Rxf4 0-1

[Event "Cto. FACV Ind. Primera Valencia 2014"]
[Site "Valencia ESP"]
[Date "2014.10.04"]
[Round "2.3"]
[White "Martinez Clari, Joan"]
[Black "Fuset Torralba, Jose Luis"]
[Result "0-1"]
[WhiteElo "1832"]
[BlackElo "1727"]
[PlyCount "153"]
[EventDate "2014.09.27"]
[EventType "swiss"]
[EventRounds "7"]
[EventCountry "ESP"]
[Source "lmi"]
[SourceDate "2014.09.27"]

1. c4 e5 2. Nc3 Nf6 3. g3 Bc5 4. Bg2 c6 5. d3 O-O 6. Nf3 Re8 7. Bg5 h6 8. Bxf6
Qxf6 9. O-O Qd8 10. Rb1 d5 11. b4 Bf8 12. b5 d4 13. Na4 cxb5 14. Rxb5 Nd7 15.
Nd2 Rb8 16. Qb1 Qc7 17. Rc1 a6 18. Rb3 Qa5 19. Bxb7 Bxb7 20. Rxb7 Rxb7 21. Qxb7
Qxa4 22. Qb3 Qc6 23. f3 Rb8 24. Qc2 Ba3 25. Rb1 Rxb1+ 26. Qxb1 Qb6 27. Nb3 a5
28. Qc2 Bc5 29. Kf1 a4 30. Nd2 Qb4 31. Ke1 a3 32. Kd1 f5 33. Qb3 Nb6 34. Kc2
Qa4 35. Nb1 Kf7 36. Qxa4 Nxa4 37. Kb3 Nb6 38. Nxa3 Ke7 39. Nb5 Kd7 40. a4 Kc6
41. Na7+ Kb7 42. Nb5 g6 43. a5 Nc8 44. Ka4 g5 45. h3 h5 46. Na3 Na7 47. Nb5 Nc6
48. a6+ Kxa6 49. Nc7+ Kb6 50. Ne6 Be7 51. Ng7 f4 52. Nxh5 Nd8 53. gxf4 exf4 54.
Ng7 Bf6 55. Nf5 Ne6 56. Nd6 Nc5+ 57. Kb4 Kc6 58. Nf5 Nd7 59. Kb3 Kc5 60. Ka4
Nb6+ 61. Kb3 Nc8 62. Ka4 Be5 63. Nh6 Ne7 64. Ka5 Bc7+ 65. Ka4 Be5 66. Nf7 Bf6
67. Nh6 Ng6 68. Nf5 Nf8 69. Nh6 Ne6 70. Ng4 Bg7 71. Nf2 Kc6 72. Ne4 Nc5+ 73.
Nxc5 Kxc5 74. Ka5 Bf8 75. Ka6 Kb4 76. Kb6 Kc3 77. c5 0-1

[Event "Cto. FACV Ind. Primera Valencia 2014"]
[Site "Valencia ESP"]
[Date "2014.10.04"]
[Round "2.4"]
[White "Gonzalvez Tamarit, Ruben"]
[Black "Marques Montolio, Luis"]
[Result "1/2-1/2"]
[WhiteElo "1821"]
[BlackElo "1716"]
[PlyCount "84"]
[EventDate "2014.09.27"]
[EventType "swiss"]
[EventRounds "7"]
[EventCountry "ESP"]
[Source "lmi"]
[SourceDate "2014.09.27"]

1. e4 d5 2. exd5 Qxd5 3. Nc3 Qa5 4. d4 c6 5. Nf3 Bf5 6. Bd2 e6 7. Bc4 Nf6 8.
Nd5 Qd8 9. Nxf6+ gxf6 10. O-O Bg7 11. Re1 O-O 12. Bb4 Re8 13. Nh4 Bg6 14. Nxg6
hxg6 15. Qg4 f5 16. Qe2 Bxd4 17. Rad1 Qb6 18. c3 Bf6 19. Bd6 Na6 20. Be5 Bxe5
21. Qxe5 Qc5 22. Bxa6 Qxe5 23. Rxe5 bxa6 24. Kf1 Rab8 25. b3 Rb5 26. Rxb5 cxb5
27. Rd6 Rb8 28. Rxa6 Rb7 29. Ke2 Kf8 30. Ke3 e5 31. Rc6 Ke7 32. c4 bxc4 33.
Rxc4 Ke6 34. g3 g5 35. h4 f4+ 36. Ke4 f5+ 37. Kd3 Rd7+ 38. Kc2 gxh4 39. Rc6+
Kd5 40. Rh6 Rg7 41. Rxh4 fxg3 42. fxg3 Rxg3 1/2-1/2

[Event "Cto. FACV Ind. Primera Valencia 2014"]
[Site "Valencia ESP"]
[Date "2014.10.04"]
[Round "2.5"]
[White "Abbas, Khalid Abel Halim"]
[Black "Juarez Murcia, Valeriano"]
[Result "0-1"]
[WhiteElo "1702"]
[BlackElo "1815"]
[PlyCount "88"]
[EventDate "2014.09.27"]
[EventType "swiss"]
[EventRounds "7"]
[EventCountry "ESP"]
[Source "lmi"]
[SourceDate "2014.09.27"]

1. d4 Nf6 2. c4 g6 3. Nf3 Bg7 4. Nc3 d6 5. e4 O-O 6. Bd3 e5 7. d5 a5 8. O-O Na6
9. h3 Nh5 10. Be3 Nf4 11. Ne2 Nxd3 12. Qxd3 f5 13. exf5 gxf5 14. Bg5 Qe8 15.
Nh2 Qh5 16. Bc1 f4 17. a4 Nc5 18. Qd1 Qg6 19. Ra3 Bf5 20. Kh1 Bd3 21. f3 Bxc4
22. Ng4 Qf7 23. Nf2 Qxd5 24. Qc2 Bxe2 25. Qxe2 Qf7 26. Re1 Qf5 27. Ne4 Nxe4 28.
fxe4 Qg6 29. Rc3 Rf7 30. b3 Raf8 31. Ba3 Bf6 32. Rec1 Bd8 33. Rf3 Kh8 34. Rcc3
Rg8 35. Rcd3 Rfg7 36. Rd2 Qh5 37. Bb2 Qf7 38. Qd3 Rg3 39. Rdf2 Rxf3 40. Rxf3 h6
41. Qf1 Kh7 42. g3 Qg6 43. gxf4 Qxe4 44. fxe5 Rg3 0-1

[Event "Cto. FACV Ind. Primera Valencia 2014"]
[Site "Valencia ESP"]
[Date "2014.10.04"]
[Round "2.6"]
[White "Palomo Ruiperez, Bruno"]
[Black "Lopez Fernandez, Fernando"]
[Result "1-0"]
[WhiteElo "1808"]
[BlackElo "1708"]
[PlyCount "61"]
[EventDate "2014.09.27"]
[EventType "swiss"]
[EventRounds "7"]
[EventCountry "ESP"]
[Source "lmi"]
[SourceDate "2014.09.27"]

1. e4 c5 2. Nf3 d6 3. d4 cxd4 4. Nxd4 Nf6 5. Nc3 a6 6. Bg5 Nbd7 7. f4 e6 8. Qf3
Be7 9. O-O-O b5 10. e5 Nd5 11. Bxe7 Qxe7 12. Nxd5 exd5 13. Qxd5 Nb6 14. Qc6+
Bd7 15. Qxb6 O-O 16. Qxd6 Qxd6 17. exd6 Rfe8 18. Bd3 g6 19. Rde1 Rad8 20. Re7
Rxe7 21. dxe7 Re8 22. Re1 Kg7 23. Kd2 Kf6 24. c4 bxc4 25. Bxc4 a5 26. Bb5 Rxe7
27. Rxe7 Kxe7 28. Bxd7 Kxd7 29. Kc3 Kc7 30. Kc4 Kb6 31. a3 1-0

[Event "Cto. FACV Ind. Primera Valencia 2014"]
[Site "Valencia ESP"]
[Date "2014.10.04"]
[Round "2.7"]
[White "Soriano Lorente, Francisco"]
[Black "Benitez Lopez, Julio"]
[Result "0-1"]
[WhiteElo "1597"]
[BlackElo "1800"]
[PlyCount "96"]
[EventDate "2014.09.27"]
[EventType "swiss"]
[EventRounds "7"]
[EventCountry "ESP"]
[Source "lmi"]
[SourceDate "2014.09.27"]

1. c4 Nf6 2. Nc3 g6 3. g3 Bg7 4. Bg2 O-O 5. Nf3 d6 6. O-O e5 7. d3 a5 8. Bg5 h6
9. Be3 Ng4 10. h3 Nxe3 11. fxe3 c6 12. e4 Nd7 13. Kh2 Nc5 14. Na4 Ne6 15. e3 h5
16. d4 b5 17. cxb5 cxb5 18. Nc3 b4 19. Nd5 Nc7 20. Nxc7 Qxc7 21. Rc1 Qb6 22.
Rf2 Bb7 23. Qd3 Rae8 24. d5 Rc8 25. Rfc2 Bh6 26. Rxc8 Rxc8 27. Re1 a4 28. Bf1
b3 29. axb3 Qxb3 30. Qxb3 axb3 31. Kg1 Rc1 32. Rxc1 Bxe3+ 33. Kg2 Bxc1 34. Bc4
Bxb2 35. Bxb3 Ba6 36. Bc2 Ba3 37. g4 hxg4 38. hxg4 Kg7 39. Kg3 Bc1 40. Ng1 Kf6
41. Kf3 Kg5 42. Nh3+ Kh4 43. Nf2 Ba3 44. Bb1 Bc5 45. Nh1 Bc8 46. Nf2 Bxf2 47.
Kxf2 Kxg4 48. Kg2 f5 0-1

[Event "Cto. FACV Ind. Primera Valencia 2014"]
[Site "Valencia ESP"]
[Date "2014.10.04"]
[Round "2.8"]
[White "Martinez Hernandez, Paula"]
[Black "Cubells Izquierdo, Jose"]
[Result "1-0"]
[WhiteElo "1800"]
[BlackElo "1689"]
[PlyCount "79"]
[EventDate "2014.09.27"]
[EventType "swiss"]
[EventRounds "7"]
[EventCountry "ESP"]
[Source "lmi"]
[SourceDate "2014.09.27"]

1. e4 e5 2. Bc4 Nc6 3. d3 Nf6 4. Nc3 Na5 5. Nge2 Nxc4 6. dxc4 Be7 7. Qd3 d6 8.
h3 Be6 9. g4 h6 10. Ng3 Qd7 11. Nd5 Bxd5 12. cxd5 Qa4 13. b3 Qd4 14. Qxd4 exd4
15. Bb2 c5 16. dxc6 bxc6 17. Bxd4 c5 18. Bb2 Kd7 19. O-O-O Kc6 20. Rhe1 Rhd8
21. Nf5 Bf8 22. Nxh6 Nxe4 23. Nxf7 Nxf2 24. Nxd8+ Rxd8 25. Rd2 Nxh3 26. Rh2 Ng5
27. Rh5 Nf7 28. Rf1 Nh6 29. g5 Ng4 30. Rf4 Ne5 31. Bxe5 dxe5 32. Rf7 a5 33. Rh8
Be7 34. Rxd8 Bxd8 35. Rxg7 e4 36. Kd2 c4 37. Ke3 cxb3 38. cxb3 Bb6+ 39. Kxe4
Bc5 40. g6 1-0

[Event "Cto. FACV Ind. Primera Valencia 2014"]
[Site "Valencia ESP"]
[Date "2014.10.04"]
[Round "2.9"]
[White "Gasco Navarro, Miguel Angel"]
[Black "Garrigues Pinazo, Jorge Ignaci"]
[Result "1/2-1/2"]
[WhiteElo "1564"]
[BlackElo "1779"]
[PlyCount "67"]
[EventDate "2014.09.27"]
[EventType "swiss"]
[EventRounds "7"]
[EventCountry "ESP"]
[Source "lmi"]
[SourceDate "2014.09.27"]

1. e4 c6 2. Nc3 d5 3. d4 dxe4 4. Nxe4 Bf5 5. Ng3 Bg6 6. Nf3 Nd7 7. Bd3 Bxd3 8.
Qxd3 Ngf6 9. Bf4 Nd5 10. Bd2 e6 11. Ne5 Nb4 12. Qb3 a5 13. Bxb4 axb4 14. O-O
Be7 15. c3 Nxe5 16. dxe5 Qd5 17. f4 Qxb3 18. axb3 O-O 19. Ne4 Rfd8 20. cxb4
Rxa1 21. Rxa1 Bxb4 22. Ra7 Rb8 23. Kf2 Kf8 24. Ke3 Ke7 25. Kd4 Kd7 26. Kc4 Be7
27. Ng5 Bxg5 28. fxg5 Kc7 29. Ra1 Rd8 30. Kc3 Kb8 31. Rf1 Rd7 32. h4 b6 33. h5
g6 34. hxg6 1/2-1/2

[Event "Cto. FACV Ind. Primera Valencia 2014"]
[Site "Valencia ESP"]
[Date "2014.10.04"]
[Round "2.10"]
[White "Navarro Gomez, Gabriel"]
[Black "Arroyo Viguer, Rafael"]
[Result "1/2-1/2"]
[WhiteElo "1756"]
[BlackElo "1666"]
[PlyCount "79"]
[EventDate "2014.09.27"]
[EventType "swiss"]
[EventRounds "7"]
[EventCountry "ESP"]
[Source "lmi"]
[SourceDate "2014.09.27"]

1. d4 d5 2. c4 e6 3. Nc3 Nf6 4. Bg5 Be7 5. Bxf6 Bxf6 6. Nf3 O-O 7. e3 c6 8. Bd3
g6 9. h4 Nd7 10. h5 e5 11. dxe5 Nxe5 12. Nxe5 Bxe5 13. Qc2 Qf6 14. O-O-O Bxc3
15. bxc3 Be6 16. c5 b5 17. Rh2 a5 18. Rdh1 b4 19. hxg6 fxg6 20. Rxh7 Qxc3 21.
Qxc3 bxc3 22. Bxg6 Rac8 23. f4 Rf6 24. g4 Rxg6 25. f5 Rg7 26. Rh8+ Kf7 27.
fxe6+ Kxe6 28. Rxc8 Rxg4 29. Rxc6+ Ke5 30. Kc2 d4 31. exd4+ Kxd4 32. Rd1+ Kc4
33. Rcd6 Rg2+ 34. R1d2 cxd2 35. c6 Rg8 36. Rxd2 Rc8 37. Rd6 Kc5 38. Rh6 Rxc6
39. Rxc6+ Kxc6 40. Kc3 1/2-1/2

[Event "Cto. FACV Ind. Primera Valencia 2014"]
[Site "Valencia ESP"]
[Date "2014.10.18"]
[Round "3.1"]
[White "Gonzalvez Tamarit, Ivan"]
[Black "Martinez Hernandez, Paula"]
[Result "1/2-1/2"]
[WhiteElo "1876"]
[BlackElo "1800"]
[PlyCount "45"]
[EventDate "2014.09.27"]
[EventType "swiss"]
[EventRounds "7"]
[EventCountry "ESP"]
[Source "lmi"]
[SourceDate "2014.09.27"]

1. d4 g6 2. c4 Bg7 3. Nc3 d6 4. e4 Nc6 5. Be3 e5 6. d5 Nce7 7. Bd3 f5 8. exf5
Bxf5 9. Bxf5 Nxf5 10. Bd2 Nf6 11. Qa4+ Nd7 12. Nf3 O-O 13. Ne4 h6 14. O-O Nf6
15. Qc2 Nxe4 16. Qxe4 Qf6 17. b4 Ne7 18. Rae1 Qf5 19. Qxf5 gxf5 20. Be3 Bf6 21.
Nd2 Ng6 22. g3 Bg5 23. Nf3 1/2-1/2

[Event "Cto. FACV Ind. Primera Valencia 2014"]
[Site "Valencia ESP"]
[Date "2014.10.18"]
[Round "3.2"]
[White "Benitez Lopez, Julio"]
[Black "Marti Viguer, Jose Maria"]
[Result "1/2-1/2"]
[WhiteElo "1800"]
[BlackElo "1849"]
[PlyCount "56"]
[EventDate "2014.09.27"]
[EventType "swiss"]
[EventRounds "7"]
[EventCountry "ESP"]
[Source "lmi"]
[SourceDate "2014.09.27"]

1. d4 d6 2. c4 Nf6 3. Nc3 c6 4. e4 Qa5 5. Bd3 e5 6. dxe5 dxe5 7. Nf3 Bg4 8. O-O
Nbd7 9. a3 Be7 10. Qe2 O-O 11. Nd1 Rfe8 12. Ne3 Bh5 13. Nf5 Bf8 14. Ng3 Bg6 15.
Nh4 Qc7 16. Nxg6 hxg6 17. b4 a5 18. Bd2 axb4 19. axb4 b6 20. Bc3 Qb7 21. Qb2
Bd6 22. Rfd1 Rxa1 23. Rxa1 Ra8 24. h3 Ra7 25. Rxa7 Qxa7 26. Qb3 Nf8 27. Bc2 Ne6
28. Qa4 Qb7 1/2-1/2

[Event "Cto. FACV Ind. Primera Valencia 2014"]
[Site "Valencia ESP"]
[Date "2014.10.18"]
[Round "3.3"]
[White "Juarez Murcia, Valeriano"]
[Black "Parreno Cueto, Andres"]
[Result "1-0"]
[WhiteElo "1815"]
[BlackElo "1746"]
[PlyCount "141"]
[EventDate "2014.09.27"]
[EventType "swiss"]
[EventRounds "7"]
[EventCountry "ESP"]
[Source "lmi"]
[SourceDate "2014.09.27"]

1. e4 e6 2. d4 d5 3. Nc3 Nf6 4. Bg5 Be7 5. e5 Nfd7 6. Bxe7 Qxe7 7. f4 a6 8. Nf3
c5 9. dxc5 Nxc5 10. Bd3 Nc6 11. O-O Bd7 12. Ne2 Rc8 13. c3 Nxd3 14. Qxd3 Na5
15. Ned4 Nc6 16. Rae1 Nxd4 17. Nxd4 O-O 18. Kh1 Qc5 19. Rf3 Qc4 20. Qb1 f5 21.
exf6 Rxf6 22. g3 Qc7 23. Rfe3 Qd6 24. Re5 Rcf8 25. Qd3 Rg6 26. Qe2 Rc8 27. Nxe6
Bb5 28. Qe3 Rf6 29. Nd4 Bd7 30. Re7 b5 31. a3 Bg4 32. Qe5 Qxe5 33. R1xe5 Rd8
34. Kg2 h6 35. Rc7 Rf7 36. Ree7 Rxe7 37. Rxe7 Rf8 38. Nc2 Bf5 39. Nb4 Be4+ 40.
Kf2 a5 41. Nc6 g5 42. Ke3 gxf4+ 43. gxf4 a4 44. Nd4 Rf6 45. Re6 Rf7 46. Rxh6
Rg7 47. Rh5 Re7 48. Kd2 Rf7 49. Rh4 Rg7 50. Nxb5 Rb7 51. Nd6 Rxb2+ 52. Ke3 Bh7
53. Kd4 Rd2+ 54. Kc5 Rd3 55. Kb4 Rf3 56. Nb5 Bc2 57. Nd4 Rf2 58. Nxc2 Rxc2 59.
Rh3 Rf2 60. Kxa4 Rxf4+ 61. Kb5 Kf7 62. Re3 Rh4 63. h3 Rf4 64. a4 Kf6 65. a5 Re4
66. Rd3 Ke6 67. a6 Re1 68. Rd4 Kd6 69. a7 Ra1 70. Ra4 Rb1+ 71. Ka6 1-0

[Event "Cto. FACV Ind. Primera Valencia 2014"]
[Site "Valencia ESP"]
[Date "2014.10.18"]
[Round "3.4"]
[White "Rull Costa, Baltasar"]
[Black "Palomo Ruiperez, Bruno"]
[Result "1/2-1/2"]
[WhiteElo "1747"]
[BlackElo "1808"]
[PlyCount "50"]
[EventDate "2014.09.27"]
[EventType "swiss"]
[EventRounds "7"]
[EventCountry "ESP"]
[Source "lmi"]
[SourceDate "2014.09.27"]

1. e4 e5 2. Nf3 Nc6 3. Bb5 Nf6 4. d3 Bc5 5. O-O d6 6. h3 O-O 7. c3 Bb6 8. Bg5
h6 9. Be3 Bxe3 10. fxe3 Bd7 11. Ba4 Ne7 12. Bb3 Ng6 13. Qe1 Qe7 14. Nbd2 Rae8
15. Qg3 Be6 16. Bxe6 Qxe6 17. Nh4 Nxh4 18. Qxh4 d5 19. Rf2 Qa6 20. c4 dxc4 21.
Nxc4 b5 22. Nd2 Qd6 23. Qg3 Re6 24. Nb3 Nd7 25. Rc1 Rg6 1/2-1/2